000 00411nam a2200157Ia 4500
003 LK-CoDNM
008 010623t1921 xxu||||| |||| 00| 1 eng d
040 _aLK-CoDNM
_dLK-CoDNM
_eLK-CoDNM
041 _aeng
080 _a22 H.1
100 _aDuff,James Cuninghame Grant
245 _aA History of the Mahrattas
260 _bOxford University Press
_aLondon
_c1921
300 _bxcii,585p., 18 cm
942 _cBK
999 _c90394
_d90394